Detalles MARC
| 000 -CABECERA |
| campo de control de longitud fija |
03105nam a2200325 a 4500 |
| 001 - NÚMERO DE CONTROL |
| campo de control |
000037631 |
| 005 - FECHA Y HORA DE LA ÚLTIMA TRANSACCIÓN |
| campo de control |
20200930080458.0 |
| 008 - DATOS DE LONGITUD FIJA--INFORMACIÓN GENERAL |
| campo de control de longitud fija |
121010s1954 sp a 000 0 spa d |
| 040 ## - FUENTE DE LA CATALOGACIÓN |
| Centro catalogador/agencia de origen |
DO-SdBNP |
| Lengua de catalogación |
spa |
| Centro/agencia transcriptor |
BNPHU |
| 082 ## - NÚMERO DE LA CLASIFICACIÓN DECIMAL DEWEY |
| Número de clasificación |
581.9861 |
| Número de documento/Ítem |
R288f |
| 111 2# - ENTRADA PRINCIPAL--NOMBRE DE CONGRESO/REUNIÓN |
| Nombre de congreso/reunión o jurisdicción como elemento de entrada |
Real Expedición Botánica del Nuevo Reino de Granada (1983-1816) |
| 9 (RLIN) |
64094 |
| 245 10 - MENCIÓN DE TÍTULO |
| Título |
Flora de la Real Expedición Botánica del Nuevo Reyno de Granada (1983-1816) / |
| Mención de responsabilidad, etc. |
Publicada bajo los auspicios de los Gobiernos de España y Colombia merced a la colaboración del Instituto de Cooperación Iberoamericana, Instituto Colombiano de Cultura Hispánica, Real Jardín Botanico de Madrid e Instituto de Ciencias Naturales-Museo de Historia Natural de la Universidad Nacional de Colombia. |
| 260 ## - PUBLICACIÓN, DISTRIBUCIÓN, ETC. |
| Lugar de publicación, distribución, etc. |
Madrid : |
| Nombre del editor, distribuidor, etc. |
Ediciones Cultura Hispánica, |
| Fecha de publicación, distribución, etc. |
1954-. |
| 300 ## - DESCRIPCIÓN FÍSICA |
| Extensión |
v. : |
| Otras características físicas |
il., ; |
| Dimensiones |
55 cm. |
| 500 ## - NOTA GENERAL |
| Nota general |
v.1. contiene trece retratos en color, dos en negro, cuatro icones iluminados y uno en negro,dos facsímiles y dibujos a pluma relacionados con el texto. |
| 500 ## - NOTA GENERAL |
| Nota general |
Incluye índice |
| 500 ## - NOTA GENERAL |
| Nota general |
Texto en dos columnas |
| 500 ## - NOTA GENERAL |
| Nota general |
Incluye referencias bibliográficas y notas al pie de las páginas |
| 505 2# - NOTA DE CONTENIDO CON FORMATO |
| Información miscelánea |
v. 1: |
| Título |
La Real Expedición Botánica del Nuevo Reyno de Granada -- |
| Información miscelánea |
v. 4, pt.1, pt.2: |
| Título |
Gramíneas -- |
| Información miscelánea |
v. 5, pt.1 |
| Título |
Palmas y Ciclantaceas -- |
| Información miscelánea |
v. 10, pt. 4 |
| Título |
Orquidáceas -- |
| Información miscelánea |
v. 11, pt.5: |
| Título |
Orquidáceas -- |
| Información miscelánea |
v. 13: |
| Título |
Piperáceas -- |
| Información miscelánea |
v.19: |
| Título |
Fanilias Crucíferas. Tovariáceas, Podostemonáceas, Crasuláceas, Hidrangeáceas, Escalloniáceas, Grosulariáceas, Bruneliáceas, Cunoniáceas, Rosáceas, Crisobalanáceas, Connaráceas y Saxifragáceas -- |
| Información miscelánea |
v.20, pt.1: |
| Título |
Fabáceas-Faboideae -- |
| Información miscelánea |
v.20, pt.2: |
| Título |
Cesalpiniáceas -- |
| Información miscelánea |
v.23: |
| Título |
Dicapetaláceas y Euforbiáceas -- |
| Información miscelánea |
v.25, pt.2: |
| Título |
Malvaceas -- |
| Información miscelánea |
v.32: |
| Título |
Onagráceas, Araliáceas, Haloragáceas, Clethráceas, Umbelíferas -- |
| Información miscelánea |
v.36: |
| Título |
Convolvulaceas, Polemoniaceas, Hidrofilaceas y Boraginaceas -- |
| Información miscelánea |
v.38, pt.2: |
| Título |
Solanáceas 2: Géneros saracha, Schultesianthus, Schwenckia, Sesea, Solanum y Witheringia -- |
| Información miscelánea |
v.41: |
| Título |
Bignoniáceas, Lentibulariáceas, Acantáceas, Plantagináceas, Caprifoliáceas, Valerianáceas -- |
| Información miscelánea |
v.46: |
| Título |
Asteráceas, Tribu Eupatorieae -- |
| Información miscelánea |
v.47: |
| Título |
Compuestas, Tribu Astereas -- |
| Información miscelánea |
Tomo XLVIII: |
| Título |
Asteráceas, Tribu Heliantheae -- |
| Información miscelánea |
v. 49: |
| Título |
Asteráceas, Tribus Liabeae, Tageteae, Senecioneae, Inuleae y Anthemideae -- |
| Información miscelánea |
v.50: |
| Título |
Asteráceas, Tribus Barnadesieae, Mutisieae, Lactuceae y Anatomías de las compuestas. |
| 611 24 - PUNTO DE ACCESO ADICIONAL DE MATERIA--NOMBRE DE REUNIÓN/CONGRESO |
| Nombre de congreso/reunión o jurisdicción como elemento de entrada |
REAL EXPEDICIÓN BOTÁNICA DEL NUEVO REINO DE GRANADA (1783-1816) |
| 9 (RLIN) |
64095 |
| 650 14 - PUNTO DE ACCESO ADICIONAL DE MATERIA--TÉRMINO DE MATERIA |
| Término de materia o nombre geográfico como elemento de entrada |
Botánica colombia |
| 9 (RLIN) |
64096 |
| 650 14 - PUNTO DE ACCESO ADICIONAL DE MATERIA--TÉRMINO DE MATERIA |
| Término de materia o nombre geográfico como elemento de entrada |
Ilustración de libros de botánica |
| Subdivisión geográfica |
Colombia |
| 9 (RLIN) |
64097 |
| 700 12 - PUNTO DE ACCESO ADICIONAL--NOMBRE DE PERSONA |
| Nombre de persona |
Mutis, José Celestino, |
| Fechas asociadas al nombre |
1732-1808 |
| 9 (RLIN) |
64098 |
| 710 2# - PUNTO DE ACCESO ADICIONAL--NOMBRE DE ENTIDAD CORPORATIVA |
| Nombre de entidad corporativa o nombre de jurisdicción como elemento de entrada |
Instituto de Cultura Hispánica (España) |
| 9 (RLIN) |
64099 |
| 710 2# - PUNTO DE ACCESO ADICIONAL--NOMBRE DE ENTIDAD CORPORATIVA |
| Nombre de entidad corporativa o nombre de jurisdicción como elemento de entrada |
Instituto Colombiano de Cultura Hispánica |
| 9 (RLIN) |
64100 |
| 710 2# - PUNTO DE ACCESO ADICIONAL--NOMBRE DE ENTIDAD CORPORATIVA |
| Nombre de entidad corporativa o nombre de jurisdicción como elemento de entrada |
Instituto de Cooperación Iberoamericana |
| 9 (RLIN) |
64101 |
| 710 2# - PUNTO DE ACCESO ADICIONAL--NOMBRE DE ENTIDAD CORPORATIVA |
| Nombre de entidad corporativa o nombre de jurisdicción como elemento de entrada |
Real Jardín Botanico de Madrid |
| 9 (RLIN) |
64102 |
| 710 2# - PUNTO DE ACCESO ADICIONAL--NOMBRE DE ENTIDAD CORPORATIVA |
| Nombre de entidad corporativa o nombre de jurisdicción como elemento de entrada |
Instituto de Ciencias Naturales-Museo de Historia Natural de la Universidad Nacional de Colombia. |
| 9 (RLIN) |
64103 |
| 910 ## - DATOS DE OPCIÓN DEL USUARIO (OCLC) |
| Datos de opción del usuario |
Validado. Control de calidad MFF |